| 000 | 01013nam a2200289 a 4500 | ||
|---|---|---|---|
| 001 | 72317 | ||
| 003 | BD-RjUL | ||
| 005 | 20211209082239.0 | ||
| 008 | 170516s1979 fr b i000 0 eng d | ||
| 020 | _a9231017020 | ||
| 035 | _a(BD-RjUL)72534 | ||
| 040 |
_aDLC _cDLC _dDLC _beng |
||
| 041 | _aeng | ||
| 082 | 0 | 0 |
_223 _a551.48091732 _bLIS 1979 |
| 100 | 1 |
_aLindh, Gunnar. _9213852 |
|
| 245 | 1 | 0 |
_aSocio-economic aspects of urban hydrology : _bbased on a report on socio-economic aspects of urban hydrology by Gunnar Lindh, prepared at a workshop, in Lund, Sweden / _cby Gunnar Lindh ; Under the dir. of R. M. Berthelot. |
| 260 |
_aParis : _bUnesco, _c1979. |
||
| 300 |
_a85 p. ; _c27 cm. |
||
| 504 | _aIncludes bibliographies. | ||
| 650 | 0 |
_aUrban hydrology. _9213853 |
|
| 650 | 0 |
_aHydrology _9213854 |
|
| 700 | 1 |
_aBerthelot, R. M. _9213855 |
|
| 830 |
_aStudies and reports in hydrology , _v27 _9201637 |
||
| 942 |
_2ddc _cBK |
||
| 999 |
_c72317 _d72317 |
||